000 00326nam a2200145Ia 4500
008 220803s9999 xx 000 0 und d
020 _a9788496969636
041 _aeng
082 _a725.25 LAM
100 _aLam B
_925254
245 _aShop Windows
260 _aSpain
_bLinks Book
_c2008
300 _a502p
500 _aARCHI
999 _c16075
_d16075